| 000 | 00736nam a2200253Ia 4500 | ||
|---|---|---|---|
| 003 | GCL | ||
| 008 | 140319s9999 xx 000 0 ara d | ||
| 040 |
_aGCL / _cGCL |
||
| 082 | 0 | 4 |
_a327.09 _bش ن |
| 100 | 1 | _aشايغان، داريوش | |
| 245 | 1 | 0 |
_aالنفس المبتورة هاجس الغرب فى مجتمعاتنا / _cشايغان، داريوش |
| 260 |
_a[S.N] : _bدار الساقى ، _c1991 |
||
| 300 | _a219 | ||
| 490 | _a | ||
| 650 | 0 | 4 | _aتاريخ |
| 650 | 0 | 4 | _aالاحوال السياسية |
| 650 | 0 | 4 | _aالوطن العربى |
| 650 | 0 | 4 | _aالسياسة |
| 650 | 0 | 4 | _aالسياحة |
| 650 | 0 | 4 | _aالاجتماع |
| 650 | 0 | 4 | _aعلاقات |
| 650 | 0 | 4 | _aدول الغرب |
| 942 |
_2ddc _cBK |
||
| 999 |
_c28889 _d28889 |
||